عرض عادي عرض مارك
  • Stenström, Anna-Brita,

مدخل إسم شخص

عدد التسجيلات المستخدمة في: 1

001 - رقم الضبط

  • حقل الضبط: 9149

003 - معرف رقم الضبط

  • حقل الضبط: OSt

005 - تاريخ ووقت أخر عملية

  • حقل الضبط: 20111227171744.0

008 - عناصر بيانات ثابتة الطول

  • حقل تحكم ثابت الطول: 111227|||a|||||| | ||| d

040 ## - مصدر الفهرسة

  • هيئة الفهرسة الأصلية: OSt
  • وكالة الكتابة: OSt

100 ## - مدخل -- أسم شخص

  • إسم شخص: Stenström, Anna-Brita,
  • تواريخ مرتبطة بالاسم: 1932-

670 ## - بيانات المصدر موجوده

  • الاستشهاد بالمصدر: Work cat.: (OSt)3391: Stenström, Anna-Brita, 1932-, An introduction to spoken interaction /, 1994